00189 a2200085 450000100060000004000240000624000220003024500200005265000310007268563 cAnchieta - Itaigara10aUm senhor amigol10aUm senhor amigo 4aLiteratura infanto-juvenil